[Event "Reykjavik op"]
[Site "Reykjavik ISL"]
[Date "2017.04.23"]
[Round "6.38"]
[White "L'Ami, Alina"]
[Black "Plotkin, Mark"]
[Result "1-0"]
[WhiteElo "2324"]
[BlackElo "2147"]
[PlyCount "69"]
[EventDate "2017.04.19"]
[EventType "swiss"]
[EventRounds "10"]
[EventCountry "ISL"]
[Source "Chess Mix"]
[SourceDate "2017.05.01"]

1. d4 e6 2. c4 c5 3. d5 exd5 4. cxd5 d6 5. Nc3 a6 6. a4 g6 7. e4 Bg7 8. Bd3 Ne7
9. h4 Nd7 10. h5 Ne5 11. Be2 f5 12. Nh3 O-O 13. h6 Bh8 14. Ng5 f4 15. Nh3 Bxh3
16. Rxh3 c4 17. Bg4 Nxg4 18. Qxg4 Qb6 19. a5 Qb4 20. Kf1 Be5 21. Rf3 Rf6 22. g3
Raf8 23. gxf4 Qb3 24. f5 R6f7 25. Bg5 Nc8 26. Nd1 Qb5 27. Kg1 gxf5 28. Rxf5
Rxf5 29. Bf4+ Kf7 30. Qxf5+ Bf6 31. Qe6+ Kg6 32. Ra3 c3 33. Rxc3 Qe2 34. Rg3+
Kh5 35. Qf5+ 1-0

[Event "Reykjavik op"]
[Site "Reykjavik ISL"]
[Date "2017.04.24"]
[Round "7.62"]
[White "Plotkin, Mark"]
[Black "Meyer, Juergen"]
[Result "1-0"]
[WhiteElo "2147"]
[BlackElo "1944"]
[PlyCount "105"]
[EventDate "2017.04.19"]
[EventType "swiss"]
[EventRounds "10"]
[EventCountry "ISL"]
[Source "Mark Crowther"]
[SourceDate "2017.05.01"]

1. e4 e6 2. d4 d5 3. Nc3 Nf6 4. e5 Nfd7 5. f4 c5 6. Nf3 Nc6 7. Be3 a6 8. Qd2 b5
9. a3 Qa5 10. Ra2 Qb6 11. dxc5 Bxc5 12. Bxc5 Nxc5 13. b4 Nd7 14. Bd3 Nd4 15.
Nxd4 Qxd4 16. Ne2 Qb6 17. c3 Nb8 18. Nd4 Nc6 19. Nxc6 Qxc6 20. O-O g6 21. Qe3
Rb8 22. Qd4 Qb6 23. Qxb6 Rxb6 24. a4 Ke7 25. axb5 axb5 26. Kf2 Bb7 27. Ke3 Kd7
28. Kd4 Kc6 29. Ra5 h5 30. Rfa1 Rd8 31. Ra7 Rh8 32. R1a5 Rc8 33. Bxb5+ Rxb5 34.
Rxb5 Kxb5 35. Rxb7+ Ka4 36. Rxf7 Kb3 37. Rf6 Rc4+ 38. Ke3 Rxc3+ 39. Kf2 Rc2+
40. Kg3 Rc3+ 41. Kh4 Rc4 42. g3 d4 43. Rxe6 d3 44. Rd6 Kc3 45. e6 Rxb4 46. Kg5
Re4 47. Kxg6 d2 48. Rxd2 Kxd2 49. Kf7 h4 50. e7 h3 51. e8=Q Rxe8 52. Kxe8 Ke2
53. g4 1-0

[Event "Reykjavik op"]
[Site "Reykjavik ISL"]
[Date "2017.04.25"]
[Round "8.46"]
[White "Buchenau, Frank"]
[Black "Plotkin, Mark"]
[Result "1-0"]
[WhiteElo "2275"]
[BlackElo "2147"]
[PlyCount "105"]
[EventDate "2017.04.19"]
[EventType "swiss"]
[EventRounds "10"]
[EventCountry "ISL"]
[Source "Mark Crowther"]
[SourceDate "2017.05.01"]

1. e4 g6 2. d4 Bg7 3. Nc3 a6 4. Nf3 d6 5. Bc4 b5 6. Bd5 c6 7. Bb3 a5 8. a4 b4
9. Ne2 Nf6 10. e5 Ne4 11. Ng3 Nxg3 12. hxg3 dxe5 13. Nxe5 Bxe5 14. dxe5 Qxd1+
15. Kxd1 Na6 16. Be3 Nc7 17. Ke2 Be6 18. Bxe6 fxe6 19. Rh4 O-O 20. Rah1 Rf7 21.
Rc4 Ra6 22. Bh6 Rf5 23. Re4 Rh5 24. Rxh5 gxh5 25. Rh4 Kf7 26. Rxh5 Ra8 27. Rg5
Rh8 28. Rg7+ Ke8 29. c4 bxc3 30. bxc3 Kd7 31. Bg5 Re8 32. Rxh7 Nd5 33. Kd3 Rg8
34. f4 Re8 35. Kd4 Nb6 36. g4 Nxa4 37. f5 Nb6 38. f6 a4 39. f7 Rd8 40. Bh6 Kc7+
41. Ke4 Nd7 42. Bc1 Nc5+ 43. Ke3 Nd7 44. Ba3 Nxe5 45. Bxe7 Ng6 46. Bxd8+ Kxd8
47. Rg7 Nf8 48. Kd2 a3 49. Kc2 e5 50. Rg5 Ke7 51. Rxe5+ Kxf7 52. Rf5+ Kg7 53.
Rxf8 1-0

[Event "CMA Futurity 2017.02.14 ABC"]
[Site "Toronto CAN"]
[Date "2017.04.15"]
[Round "2"]
[White "Plotkin, Mark"]
[Black "Noritsyn, Sergey"]
[Result "1-0"]
[WhiteElo "2147"]
[BlackElo "2097"]
[PlyCount "67"]
[EventDate "2017.04.14"]
[EventType "tourn"]
[EventRounds "5"]
[EventCountry "CAN"]

1. d4 d5 2. Nf3 Nf6 3. e3 e6 4. Bd3 Bd6 5. c4 dxc4 6. Bxc4 O-O 7. O-O a6 8. Nc3
b5 9. Bd3 Bb7 10. e4 b4 11. e5 bxc3 12. bxc3 Nbd7 13. Re1 Be7 14. exf6 Bxf6 15.
Ba3 c5 16. Bxh7+ Kxh7 17. Qb1+ Kg8 18. Qxb7 Qa5 19. Qb2 Rfb8 20. Qc1 cxd4 21.
cxd4 Rc8 22. Qe3 Rc3 23. Qe4 Rac8 24. Bd6 Rc2 25. a3 Qb6 26. Bf4 Qa5 27. Qb7
Nb6 28. Bd2 Rxd2 29. Nxd2 Qxd2 30. Qxb6 Rc2 31. Rf1 Bxd4 32. Qd8+ Kh7 33. Qh4+
Kg8 34. Rad1 1-0

[Event "CMA Futurity 2017.02.14 ABC"]
[Site "Toronto CAN"]
[Date "2017.04.15"]
[Round "3"]
[White "Gordon, David"]
[Black "Plotkin, Mark"]
[Result "0-1"]
[WhiteElo "2187"]
[BlackElo "2147"]
[PlyCount "72"]
[EventDate "2017.04.14"]
[EventType "tourn"]
[EventRounds "5"]
[EventCountry "CAN"]

1. d4 d5 2. Bf4 c5 3. e4 Nc6 4. exd5 Qxd5 5. Nc3 Qxd4 6. Nd5 e5 7. Nc7+ Kd8 8.
Nxa8 exf4 9. Ne2 Qxd1+ 10. Rxd1+ Bd7 11. Nxf4 Nf6 12. Bc4 g5 13. Nd5 Nxd5 14.
Rxd5 Kc8 15. Rxg5 Bh6 16. Rxc5 Re8+ 17. Kd1 Rd8 18. Bd3 Kb8 19. f3 Kxa8 20. Rh5
Bg7 21. Rxh7 Bxb2 22. Rxf7 Be6 23. Rf4 Bxa2 24. Re1 Bc3 25. Re2 b5 26. Kc1 a6
27. Be4 Kb7 28. Rh4 Rd6 29. f4 a5 30. Rh3 b4 31. g4 a4 32. Rd3 Rxd3 33. Bxd3 a3
34. Re8 Bf7 35. Rf8 a2 36. Rxf7+ Kb6 0-1

[Event "CMA Futurity 2017.02.14 ABC"]
[Site "Toronto CAN"]
[Date "2017.04.16"]
[Round "4"]
[White "Hua, Eugene"]
[Black "Plotkin, Mark"]
[Result "0-1"]
[WhiteElo "2163"]
[BlackElo "2147"]
[PlyCount "148"]
[EventDate "2017.04.14"]
[EventType "tourn"]
[EventRounds "5"]
[EventCountry "CAN"]

1. e4 c5 2. Nf3 g6 3. d4 cxd4 4. Qxd4 Nf6 5. e5 Nc6 6. Qa4 Nd5 7. Qe4 Nb6 8.
Nc3 d5 9. Qh4 Bf5 10. Bd3 Bxd3 11. cxd3 e6 12. Bg5 Be7 13. Bxe7 Qxe7 14. Qxe7+
Kxe7 15. d4 Nc4 16. b3 Na3 17. O-O-O b5 18. Kb2 b4 19. Na4 Rhc8 20. Rc1 Na5 21.
Rxc8 Rxc8 22. Rc1 Rc6 23. g4 Nb5 24. Rc2 Na3 25. Rc1 h6 26. h4 Kf8 27. g5 h5
28. Nc5 Nb5 29. Rc2 Na3 30. Rc1 Ke7 31. Nd3 Rxc1 32. Nxc1 Nc6 33. Ne2 Kd7 34.
Kc1 Ne7 35. Kd2 Kc6 36. Kd3 Kb5 37. Kd2 Kb6 38. Kd3 Nb5 39. Kd2 Nf5 40. Kd3 Nc7
41. Kd2 Na6 42. Kd3 Nb8 43. Kd2 Nc6 44. Kd3 Kb5 45. Kd2 Nfe7 46. Kd3 Nc8 47.
Nd2 Nb6 48. Kc2 Ka5 49. Kd3 Kb5 50. Kc2 a5 51. Kd3 a4 52. Kc2 Ka5 53. Kd3 Nc8
54. Kc2 N8a7 55. Kd3 Nb5 56. Nb1 Na3 57. Nd2 Kb5 58. Nf1 Na5 59. Nd2 N5c4 60.
Nc1 Nxd2 61. Kxd2 Nb1+ 62. Kc2 Nc3 63. Kd2 Kb6 64. Kc2 Ka5 65. f3 Kb6 66. Kd2
Kb5 67. Kc2 Ka5 68. f4 Kb5 69. Kd3 Kb6 70. a3 Kb5 71. bxa4+ Kxa4 72. axb4 Kxb4
73. Ke3 Kc4 74. Kd2 Nb5 0-1

[Event "CMA Futurity 2017.02.14 ABC"]
[Site "Toronto CAN"]
[Date "2017.04.16"]
[Round "5"]
[White "Plotkin, Mark"]
[Black "Bluvshtein, Ilia"]
[Result "1-0"]
[WhiteElo "2147"]
[BlackElo "2100"]
[PlyCount "83"]
[EventDate "2017.04.14"]
[EventType "tourn"]
[EventRounds "5"]
[EventCountry "CAN"]

1. e4 e5 2. Nf3 Nc6 3. Bb5 f5 4. d3 Nf6 5. Nc3 Bb4 6. exf5 O-O 7. O-O Bxc3 8.
bxc3 d6 9. Ng5 Bxf5 10. f4 Bg4 11. Qe1 h6 12. Bxc6 bxc6 13. Ne4 exf4 14. Rxf4
Nxe4 15. Rxg4 Nf6 16. Rg3 Qe8 17. Bxh6 Nh5 18. Rg5 Kh7 19. Qxe8 Raxe8 20. Rxh5
gxh6 21. Rf1 c5 22. Rxf8 Rxf8 23. Rh4 Rb8 24. Ra4 Rb7 25. Kf2 Kg6 26. Ke3 Kf5
27. h4 Rb2 28. Kd2 Rb1 29. g4+ Ke5 30. Rxa7 Rg1 31. g5 hxg5 32. hxg5 c6 33.
Re7+ Kf5 34. Rc7 Rxg5 35. Rxc6 Ke5 36. Rc8 Rg1 37. a4 Ra1 38. Ra8 Kd5 39. a5
Kc6 40. a6 Ra2 41. a7 Kd5 42. c4+ 1-0

[Event "Hart House Reading Week op"]
[Site "Toronto CAN"]
[Date "2017.02.18"]
[Round "1"]
[White "Plotkin, Mark"]
[Black "Noritsyn, Nikolay"]
[Result "0-1"]
[WhiteElo "2266"]
[BlackElo "2594"]
[PlyCount "124"]
[EventDate "2017.02.18"]
[EventType "swiss"]
[EventRounds "6"]
[EventCountry "CAN"]

1. d4 Nf6 2. g3 c5 3. d5 g6 4. Bg2 d6 5. e4 Bg7 6. Nc3 O-O 7. Nge2 Na6 8. O-O
Nc7 9. a4 b6 10. h3 Rb8 11. Bg5 a6 12. Qd2 Re8 13. f4 b5 14. a5 b4 15. Na4 Nd7
16. g4 Nb5 17. Kh1 Nd4 18. e5 Qxa5 19. Nxc5 Qxc5 20. Nxd4 dxe5 21. Nc6 Rb5 22.
f5 Bb7 23. fxg6 hxg6 24. Be3 Qd6 25. Qf2 Rf8 26. Rad1 Nf6 27. Bg5 e4 28. Bf4
Qd7 29. Ne5 Qc8 30. c4 bxc3 31. bxc3 Rxd5 32. c4 Rc5 33. Bg3 Rxe5 34. Bxe5 Nxg4
35. hxg4 Bxe5 36. Qh4 e3 37. Rde1 Bxg2+ 38. Kxg2 Qxc4 39. Rxe3 Qd5+ 40. Kh3 Bf6
41. Qf2 Kg7 42. Rf3 Rh8+ 43. Kg2 Qe4 44. Rh1 Bd4 45. Qa2 Qxg4+ 46. Rg3 Qe4+ 47.
Rf3 Qg4+ 48. Rg3 Qe4+ 49. Rf3 e6 50. Rxh8 Kxh8 51. Qxa6 Kg7 52. Qf1 g5 53. Qd3
Qd5 54. Kf1 g4 55. Rg3 f5 56. Qa3 Kg6 57. Rd3 Qe4 58. Qa6 Bf6 59. Qd6 f4 60.
Qd7 Kg5 61. Rd6 g3 62. Qxe6 g2+ 0-1

[Event "Hart House Reading Week op"]
[Site "Toronto CAN"]
[Date "2017.02.18"]
[Round "2"]
[White "Zotkin, Daniel"]
[Black "Plotkin, Mark"]
[Result "0-1"]
[WhiteElo "2233"]
[BlackElo "2266"]
[PlyCount "136"]
[EventDate "2017.02.18"]
[EventType "swiss"]
[EventRounds "6"]
[EventCountry "CAN"]

1. e4 g6 2. a4 Bg7 3. d4 d6 4. Nc3 Nc6 5. Be3 e5 6. Bb5 Bd7 7. Nge2 Nf6 8. f3
O-O 9. Qd2 Re8 10. Bxc6 exd4 11. Nxd4 bxc6 12. O-O d5 13. Bg5 Qb8 14. Nb3 Be6
15. Kh1 dxe4 16. fxe4 Ng4 17. Nd4 h6 18. Nxe6 Rxe6 19. Qf4 Qe8 20. Qxg4 hxg5
21. Qxg5 Rb8 22. Rab1 Rb4 23. Qc5 Qb8 24. Qf2 Rf6 25. Qe3 Rxb2 26. e5 Rxb1 27.
Rxb1 Qxb1+ 28. Nxb1 Rf1+ 29. Qg1 Rxg1+ 30. Kxg1 Bxe5 31. Nd2 f5 32. Nc4 Bc3 33.
Kf2 Kf7 34. Ke2 Ke6 35. Kd3 Be5 36. h3 Bg3 37. Na5 Kd5 38. Nb3 Be1 39. c4+ Kd6
40. Ke2 Bc3 41. Kd3 Bb4 42. Kd4 Be1 43. Ke3 Ke5 44. Ke2 Bh4 45. Ke3 Bg5+ 46.
Kf3 Bh6 47. g3 Bf8 48. Ke3 Bb4 49. Kf3 Be1 50. g4 fxg4+ 51. hxg4 Bc3 52. Ke3
Bb4 53. Kf3 Ba3 54. Ke3 Bb2 55. Na5 Bd4+ 56. Kf3 Bb6 57. Nb3 a6 58. c5 Ba7 59.
Ke3 g5 60. Kd3 Kd5 61. Nd2 Bxc5 62. Ne4 Be7 63. Nc3+ Ke5 64. Ne2 Bc5 65. Kc4
Ba7 66. Kd3 Bb6 67. Kc4 Ke4 68. Nc3+ Kf4 0-1

[Event "Hart House Reading Week op"]
[Site "Toronto CAN"]
[Date "2017.02.19"]
[Round "3"]
[White "Plotkin, Mark"]
[Black "Nasir, Zehn"]
[Result "1/2-1/2"]
[WhiteElo "2256"]
[BlackElo "2202"]
[PlyCount "185"]
[EventDate "2017.02.18"]
[EventType "swiss"]
[EventRounds "6"]
[EventCountry "CAN"]

1. d4 Nf6 2. g3 e6 3. Bg2 d5 4. c4 c6 5. Qc2 Be7 6. Nf3 Nbd7 7. O-O Ne4 8. Bf4
g5 9. Be3 f5 10. Nfd2 Ndf6 11. Nxe4 Nxe4 12. f3 Nd6 13. Nd2 O-O 14. Bf2 f4 15.
e4 fxe3 16. Bxe3 Bf6 17. Bf2 Qe7 18. f4 gxf4 19. gxf4 Qg7 20. Nf3 Nxc4 21. Ne5
Nxe5 22. fxe5 Bg5 23. a4 Qh6 24. Ra3 Bd7 25. Rh3 Qg7 26. Rg3 Rf4 27. Re1 Kh8
28. Be3 Qh6 29. Bxf4 Bxf4 30. Rh3 Qg7 31. Rf1 Bg5 32. Rg3 Qh6 33. Rf7 Be8 34.
Rxb7 Bg6 35. Qb3 Rg8 36. Rb8 Bh4 37. Rxg8+ Kxg8 38. Qb8+ Kg7 39. Qxa7+ Kg8 40.
Qb8+ Kg7 41. Qc7+ Kh8 42. Qc8+ Kg7 43. Qd7+ Kh8 44. Rf3 Qc1+ 45. Rf1 Qe3+ 46.
Kh1 Bf5 47. Qxc6 Qxd4 48. Qe8+ Kg7 49. Rc1 Qxe5 50. Qd7+ Kh6 51. Qb5 Be7 52.
Qb3 Bd6 53. Qg3 Qxb2 54. Qh4+ Kg7 55. Rg1 Bg6 56. Rf1 Bf5 57. Qg5+ Kf7 58. a5
Qe5 59. Qh5+ Ke7 60. Qh4+ Kd7 61. a6 Kc7 62. a7 Kb7 63. a8=Q+ Kxa8 64. Rc1 Kb7
65. Qh5 Bc7 66. Qh4 Qf4 67. Qxf4 Bxf4 68. Rf1 e5 69. Bxd5+ Kc7 70. Ra1 Kd6 71.
Ba8 Kc5 72. Kg2 Kd4 73. Rd1+ Ke3 74. h3 Bd3 75. Bf3 Bg6 76. h4 Bf5 77. Bh5 Be4+
78. Kh3 Bf5+ 79. Bg4 Be4 80. Ra1 Bd3 81. h5 h6 82. Be6 Be2 83. Ra3+ Kf2 84. Ra2
Ke3 85. Rxe2+ Kxe2 86. Kg4 Ke3 87. Bd5 Kd4 88. Ba8 Bh2 89. Kf5 Ke3 90. Kg6 Bf4
91. Bc6 Kf2 92. Kf5 Kg3 93. Ke4 1/2-1/2

[Event "CAN-ch University"]
[Site "London CAN"]
[Date "2017.01.14"]
[Round "1"]
[White "Plotkin, Mark"]
[Black "Kleinman, Michael"]
[Result "0-1"]
[WhiteElo "2282"]
[BlackElo "2353"]
[PlyCount "122"]
[EventDate "2017.01.14"]
[EventType "team"]
[EventRounds "5"]
[EventCountry "CAN"]

1. d4 Nf6 2. g3 d5 3. Bg2 g6 4. c4 c6 5. Nd2 Bg7 6. Ngf3 O-O 7. O-O Bf5 8. b3
a5 9. Ba3 Ne4 10. Qc1 Na6 11. Rd1 Bh6 12. e3 Nb4 13. Ne1 Nf6 14. Ndf3 Na6 15.
Ne5 Re8 16. h3 Be6 17. g4 Nd7 18. N1d3 Nxe5 19. Nxe5 Nb8 20. Qc2 Nd7 21. e4
Nxe5 22. dxe5 d4 23. Bc5 Qc7 24. Bxd4 Bf4 25. Qb2 c5 26. Bc3 a4 27. Rd5 Reb8
28. bxa4 Rxa4 29. Qb5 Bxd5 30. exd5 Bxe5 31. Qxa4 Bxc3 32. Rb1 Bd4 33. Qb3 Qf4
34. Rf1 Kg7 35. a4 Ra8 36. Qxb7 Rxa4 37. Qxe7 Rxc4 38. Qe2 Rb4 39. Qf3 Qd6 40.
Qd3 Rb2 41. Qe4 Qf6 42. Qf3 Qd6 43. Qe4 Rd2 44. Qf3 c4 45. Kh1 c3 46. Qe4 c2
47. g5 Qc5 48. d6 c1=Q 49. d7 Qxf1+ 50. Bxf1 Be5 51. f4 Rxd7 52. Qxe5+ Qxe5 53.
fxe5 Re7 54. Kg2 Rxe5 55. h4 h6 56. gxh6+ Kxh6 57. Bc4 f6 58. Kg3 Kh5 59. Bf7
Re3+ 60. Kf4 Re7 61. Bxg6+ Kxg6 0-1

[Event "CAN-ch University"]
[Site "London CAN"]
[Date "2017.01.14"]
[Round "2"]
[White "Bao, Tony"]
[Black "Plotkin, Mark"]
[Result "1-0"]
[WhiteElo "1962"]
[BlackElo "2282"]
[PlyCount "131"]
[EventDate "2017.01.14"]
[EventType "team"]
[EventRounds "5"]
[EventCountry "CAN"]

1. b3 Nh6 2. Bb2 f6 3. Nf3 d5 4. d4 Bg4 5. e3 c5 6. Be2 Nc6 7. O-O Nf7 8. c4
cxd4 9. exd4 e6 10. cxd5 Qxd5 11. h3 Bf5 12. Re1 Bb4 13. Bc4 Qa5 14. Re2 O-O-O
15. a3 Bd6 16. b4 Qc7 17. Qb3 Kb8 18. Bxe6 Rhe8 19. Bc4 Rxe2 20. Bxe2 Re8 21.
Nc3 Qd7 22. d5 Bxh3 23. dxc6 bxc6 24. b5 c5 25. b6 Bxg2 26. bxa7+ Ka8 27. Qd5+
Kxa7 28. Nb5+ Kb8 29. Nxd6 Nxd6 30. Rb1 Kc7 31. Qxc5+ Kd8 32. Rd1 Ke7 33. Kxg2
Rc8 34. Qxd6+ Qxd6 35. Rxd6 Kxd6 36. Bd4 Ra8 37. Bc3 Kd5 38. Bb4 g5 39. Bb5 h5
40. a4 h4 41. Be7 Ke6 42. Bc5 Kd5 43. Bb6 Rh8 44. Bd7 Kd6 45. Bf5 Kc6 46. Bd4
Rf8 47. a5 Kb5 48. Bb6 Rh8 49. Nd2 Rg8 50. Kh3 Rf8 51. Ne4 Ka6 52. Nc5+ Kb5 53.
Bd7+ Kc4 54. a6 f5 55. a7 Kd5 56. Bxf5 Rxf5 57. a8=Q+ Kd6 58. Qd8+ Ke5 59. Qe7+
Kd4 60. Qe4+ Kc3 61. Qxf5 g4+ 62. Kxh4 g3 63. Qd3+ Kb2 64. Na4+ Ka2 65. Qc3
gxf2 66. Qb2# 1-0

[Event "CAN-ch University"]
[Site "London CAN"]
[Date "2017.01.14"]
[Round "3"]
[White "Plotkin, Mark"]
[Black "Itkin, David"]
[Result "1/2-1/2"]
[WhiteElo "2282"]
[BlackElo "2276"]
[PlyCount "85"]
[EventDate "2017.01.14"]
[EventType "team"]
[EventRounds "5"]
[EventCountry "CAN"]

1. e4 c5 2. Nf3 d6 3. d4 Nf6 4. Nc3 cxd4 5. Nxd4 Nc6 6. Bg5 e6 7. f3 a6 8. Qd2
h6 9. Be3 Bd7 10. g4 b5 11. a4 b4 12. Nxc6 Bxc6 13. Ne2 Qc7 14. Nd4 Bb7 15. Be2
Nd7 16. g5 hxg5 17. Bxg5 d5 18. O-O-O dxe4 19. fxe4 Nc5 20. Qe3 Rc8 21. Rd2 f6
22. Bg4 fxg5 23. Nxe6 Nxe6 24. Bxe6 Rd8 25. Rxd8+ Qxd8 26. Rd1 Qf6 27. Qb6 Rh6
28. Bd7+ Kf7 29. Qxb7 Rxh2 30. Be6+ Kg6 31. Bf5+ Kh6 32. Rf1 g6 33. e5 Qxe5 34.
Qxa6 Bd6 35. Bxg6 Kxg6 36. Rd1 Qe3+ 37. Kb1 Rd2 38. Rc1 b3 39. Qc8 bxc2+ 40.
Ka1 Be5 41. Qe6+ Kg7 42. Qe7+ Kg8 43. Qe8+ 1/2-1/2

[Event "CAN-ch University"]
[Site "London CAN"]
[Date "2017.01.15"]
[Round "5"]
[White "Marinkovic, Mate"]
[Black "Plotkin, Mark"]
[Result "0-1"]
[WhiteElo "2269"]
[BlackElo "2282"]
[PlyCount "128"]
[EventDate "2017.01.14"]
[EventType "team"]
[EventRounds "5"]
[EventCountry "CAN"]

1. c4 g6 2. g3 Bg7 3. Bg2 Nc6 4. e4 e5 5. Ne2 d6 6. Nbc3 Nge7 7. d3 Be6 8. Nd5
O-O 9. O-O f5 10. f3 Qd7 11. Be3 Rf7 12. Qd2 Raf8 13. Rac1 fxe4 14. dxe4 b6 15.
b4 Bh3 16. Bg5 Nxd5 17. cxd5 Nd4 18. Nxd4 exd4 19. Bh6 Bxg2 20. Kxg2 Bxh6 21.
Qxh6 Qa4 22. Qd2 Qa3 23. f4 Re7 24. Qxd4 Rfe8 25. Rce1 Qxa2+ 26. Rf2 Qa4 27.
Rd2 a5 28. bxa5 Qxa5 29. e5 dxe5 30. fxe5 Rxe5 31. Rxe5 Rxe5 32. Qxe5 Qxd2+ 33.
Kh3 Qh6+ 34. Kg2 Qg7 35. Qe6+ Qf7 36. Qc6 Qe7 37. Qc4 Qd6 38. Qe4 Kf8 39. Qd4
Kf7 40. Qc4 Ke8 41. Qa4+ Qd7 42. Qe4+ Kd8 43. h4 Kc8 44. Kh2 Kb7 45. Qc4 Qd6
46. Qb5 Qc5 47. Qd7 h5 48. Qe6 b5 49. Qxg6 Qxd5 50. g4 Qd2+ 51. Kg3 Qe3+ 52.
Kg2 hxg4 53. Qxg4 Qd2+ 54. Kg3 Qe1+ 55. Kf4 b4 56. Qf3+ c6 57. h5 Qc1+ 58. Kf5
Qc2+ 59. Ke6 b3 60. Qf7+ Kb6 61. h6 b2 62. h7 b1=Q 63. h8=Q Qba2+ 64. Ke7 Qc5+
0-1

[Event "CAN-op"]
[Site "Windsor CAN"]
[Date "2016.07.10"]
[Round "1.13"]
[White "Plotkin, Mark"]
[Black "Zhang, Henry"]
[Result "0-1"]
[WhiteElo "2321"]
[BlackElo "2096"]
[PlyCount "98"]
[EventDate "2016.07.10"]
[EventType "swiss"]
[EventRounds "9"]
[EventCountry "CAN"]

1. e4 c5 2. Nf3 e6 3. d4 cxd4 4. Nxd4 Nc6 5. Nc3 Qc7 6. f4 a6 7. Be3 d6 8. Qf3
Nf6 9. O-O-O Be7 10. Be2 O-O 11. g4 Nd7 12. g5 Nxd4 13. Rxd4 b5 14. f5 Ne5 15.
Qf2 f6 16. g6 hxg6 17. fxg6 Nxg6 18. Rg1 Ne5 19. Bh6 Rf7 20. Bh5 Bf8 21. Bxf7+
Qxf7 22. Rdd1 b4 23. Na4 Bb7 24. Nb6 Rb8 25. Rd4 f5 26. exf5 Nf3 27. Rg3 Nxd4
28. Qxd4 exf5 29. Qxb4 Be4 30. Qd4 d5 31. Bf4 Rd8 32. Rc3 Bd6 33. Bxd6 Rxd6 34.
Nc4 Rh6 35. Ne5 Qh5 36. h3 Qg5+ 37. Kb1 Qg2 38. a3 Rxh3 39. Rc8+ Kh7 40. Qc5
Qg3 41. Re8 Rh1+ 42. Ka2 Qg1 43. Qc8 Qb1+ 44. Kb3 Bxc2+ 45. Kc3 Rh3+ 46. Kd4
Qxb2+ 47. Kxd5 Be4+ 48. Ke6 Rh6+ 49. Kd7 Qd4+ 0-1

[Event "CAN-op"]
[Site "Windsor CAN"]
[Date "2016.07.11"]
[Round "2.15"]
[White "Chehayeb, Salah"]
[Black "Plotkin, Mark"]
[Result "1/2-1/2"]
[WhiteElo "2015"]
[BlackElo "2321"]
[PlyCount "61"]
[EventDate "2016.07.10"]
[EventType "swiss"]
[EventRounds "9"]
[EventCountry "CAN"]

1. e4 Nc6 2. d4 d5 3. exd5 Qxd5 4. Nf3 Bg4 5. Be2 O-O-O 6. c4 Qh5 7. Nc3 Nf6 8.
Be3 e6 9. Qa4 Kb8 10. h3 Bb4 11. O-O-O Bxf3 12. Bxf3 Qa5 13. Bxc6 Bxc3 14. Qb3
Qb6 15. Qxb6 axb6 16. Bf3 Bb4 17. a3 Be7 18. Rd2 Rd7 19. Rhd1 Rhd8 20. b4 Ne8
21. d5 exd5 22. Bxd5 f5 23. Kc2 g6 24. Rd3 Nf6 25. Bf3 c5 26. Bg5 Rxd3 27. Rxd3
Rxd3 28. Kxd3 Kc7 29. Bxf6 Bxf6 30. Bd5 g5 31. b5 1/2-1/2

[Event "CAN-op"]
[Site "Windsor CAN"]
[Date "2016.07.12"]
[Round "3.16"]
[White "Plotkin, Mark"]
[Black "Beider, Andrew"]
[Result "1-0"]
[WhiteElo "2321"]
[BlackElo "2069"]
[PlyCount "77"]
[EventDate "2016.07.10"]
[EventType "swiss"]
[EventRounds "9"]
[EventCountry "CAN"]

1. d4 Nf6 2. c4 e6 3. Nc3 d5 4. Nf3 Be7 5. Bg5 h6 6. Bh4 O-O 7. e3 b6 8. Ne5
Bb7 9. cxd5 exd5 10. Bd3 Nbd7 11. O-O Nxe5 12. dxe5 Ne4 13. Bg3 f5 14. exf6
Bxf6 15. Bxe4 dxe4 16. Qb3+ Kh8 17. Nb5 c5 18. Rfd1 Qc8 19. Nd6 Qd7 20. Nxe4
Qc6 21. f3 c4 22. Qc2 Be7 23. Rd4 b5 24. Rad1 Bc8 25. Nd6 Bf6 26. Nf7+ Kg8 27.
Nxh6+ Kh8 28. Nf7+ Kg8 29. Rd6 Qe8 30. Rxf6 Rxf7 31. Rxf7 Kxf7 32. Qc3 Be6 33.
Be5 Qe7 34. Bxg7 Rg8 35. Be5 b4 36. Qd4 a5 37. Qf4+ Ke8 38. Bf6 Qb7 39. Rd8+
1-0

[Event "CAN-op"]
[Site "Windsor CAN"]
[Date "2016.07.13"]
[Round "4.14"]
[White "Virkud, Apurva"]
[Black "Plotkin, Mark"]
[Result "1-0"]
[WhiteElo "2153"]
[BlackElo "2321"]
[PlyCount "97"]
[EventDate "2016.07.10"]
[EventType "swiss"]
[EventRounds "9"]
[EventCountry "CAN"]

1. d4 Nf6 2. c4 e6 3. Nc3 d5 4. cxd5 exd5 5. Bg5 Nbd7 6. e3 c6 7. Bd3 Be7 8.
Nge2 Ne4 9. Bxe7 Qxe7 10. O-O f5 11. Qc1 O-O 12. f3 Nd6 13. Ng3 Qh4 14. Nce2 g5
15. f4 g4 16. Re1 Rf6 17. Nf1 Qh5 18. Neg3 Qf7 19. Nd2 Nf8 20. Nb3 Bd7 21. a4
Re8 22. a5 Ne6 23. Nc5 Ng7 24. Qc2 Bc8 25. Rac1 Qe7 26. Qb3 Ref8 27. Bb1 Nge8
28. Nd3 Nc4 29. Ne5 Nxa5 30. Qc3 Nc4 31. Nxc4 dxc4 32. Qxc4+ Be6 33. Qa4 Rh6
34. Ba2 Nd6 35. Re2 Kh8 36. Bxe6 Rxe6 37. d5 cxd5 38. Qxa7 Nb5 39. Qa4 Rc6 40.
Rd1 Qc5 41. Ree1 Rd6 42. b4 Qb6 43. Qa1+ Kg8 44. Nh5 Qc7 45. Qe5 Qf7 46. Rxd5
Re8 47. Rxd6 Nxd6 48. Nf6+ Kf8 49. Qxd6+ 1-0

[Event "CAN-op"]
[Site "Windsor CAN"]
[Date "2016.07.14"]
[Round "5.17"]
[White "Plotkin, Mark"]
[Black "Ruelland, Geoffrey"]
[Result "1-0"]
[WhiteElo "2321"]
[BlackElo "2106"]
[PlyCount "49"]
[EventDate "2016.07.10"]
[EventType "swiss"]
[EventRounds "9"]
[EventCountry "CAN"]

1. d4 d5 2. Nf3 Nf6 3. c4 c6 4. Nbd2 e6 5. e3 Bd6 6. Bd3 Nbd7 7. O-O O-O 8. Qe2
Re8 9. e4 dxe4 10. Nxe4 Nxe4 11. Qxe4 Nf6 12. Qh4 h6 13. Rd1 Nd7 14. Qe4 Nf6
15. Qe2 Qc7 16. c5 Be7 17. Ne5 Bd7 18. Qf3 Rac8 19. Bf4 Qd8 20. Re1 Rf8 21. Qh3
Be8 22. Rad1 Nh7 23. Bxh6 gxh6 24. Qxh6 Nf6 25. Re3 1-0

[Event "CAN-op"]
[Site "Windsor CAN"]
[Date "2016.07.15"]
[Round "6.13"]
[White "Talukdar, Rohan"]
[Black "Plotkin, Mark"]
[Result "0-1"]
[WhiteElo "2218"]
[BlackElo "2321"]
[PlyCount "44"]
[EventDate "2016.07.10"]
[EventType "swiss"]
[EventRounds "9"]
[EventCountry "CAN"]

1. e4 d6 2. f4 e5 3. Nf3 exf4 4. Bc4 h6 5. d4 g5 6. O-O Bg7 7. h4 g4 8. Ne1 Nc6
9. c3 f3 10. gxf3 Qxh4 11. Ng2 Qh3 12. fxg4 Nf6 13. Bxf7+ Kxf7 14. e5 dxe5 15.
dxe5 Bxg4 16. Qd5+ Be6 17. Qe4 Rad8 18. exf6 Bf8 19. Qe2 Rg8 20. Rf3 Rd1+ 21.
Rf1 Bc5+ 22. Be3 Bxe3+ 0-1

[Event "CAN-op"]
[Site "Windsor CAN"]
[Date "2016.07.16"]
[Round "7.9"]
[White "Plotkin, Mark"]
[Black "Agbabishvili, Lali"]
[Result "1/2-1/2"]
[WhiteElo "2228"]
[BlackElo "2012"]
[PlyCount "112"]
[EventDate "2016.07.10"]
[EventType "swiss"]
[EventRounds "9"]
[EventCountry "CAN"]

1. Nc3 c5 2. d4 cxd4 3. Qxd4 Nc6 4. Qh4 g6 5. Bd2 Bg7 6. O-O-O a6 7. Nd5 b5 8.
Qg3 Ra7 9. Bc3 Kf8 10. e4 e6 11. Qd6+ Nge7 12. Nxe7 Qxe7 13. Qxe7+ Nxe7 14.
Bxg7+ Kxg7 15. Rd6 Nc6 16. Be2 Rc7 17. Nf3 f6 18. Rhd1 Kf7 19. Nd4 Ke7 20.
Nxc6+ dxc6 21. c4 e5 22. Kc2 Be6 23. c5 a5 24. a3 Rb8 25. b3 Ra8 26. R1d2 Rf8
27. g3 g5 28. Bf3 g4 29. Bg2 h5 30. f4 gxf3 31. Bxf3 Rh8 32. b4 a4 33. Kd1 Bb3+
34. Ke1 Be6 35. Rf2 Rh6 36. h4 Bd7 37. Rfd2 Rh8 38. Kf2 Be6 39. Rd1 Rcc8 40.
Rg1 Bd7 41. g4 Rhg8 42. g5 fxg5 43. Rxg5 Rxg5 44. hxg5 Rg8 45. g6 h4 46. Kg2
Be6 47. Bh5 Rh8 48. Be2 Rh6 49. Rxc6 Rxg6+ 50. Kh1 Rg3 51. Bxb5 Rxa3 52. Ra6
Ra1+ 53. Kh2 a3 54. Ra7+ Kf6 55. Ra6 Ke7 56. Ra7+ Kf6 1/2-1/2

[Event "CAN-op"]
[Site "Windsor CAN"]
[Date "2016.07.16"]
[Round "8.10"]
[White "Li, Yinshi"]
[Black "Plotkin, Mark"]
[Result "1/2-1/2"]
[WhiteElo "2076"]
[BlackElo "2228"]
[PlyCount "84"]
[EventDate "2016.07.10"]
[EventType "swiss"]
[EventRounds "9"]
[EventCountry "CAN"]

1. d4 d5 2. c4 c6 3. cxd5 cxd5 4. Nc3 Nf6 5. Bf4 Qb6 6. Qd2 Nc6 7. e3 Bf5 8.
Nf3 e6 9. a3 Ne4 10. Nxe4 Bxe4 11. Be2 Na5 12. Qc3 Nc4 13. Bxc4 dxc4 14. Qxc4
Qxb2 15. O-O Be7 16. Qc7 Qb6 17. Qxb6 axb6 18. Nd2 Bc6 19. Nc4 b5 20. Nd6+ Kf8
21. Rfb1 g5 22. Bg3 Ra5 23. Rb3 Kg7 24. Rab1 Rha8 25. Nxb5 Be4 26. Rc1 Bd5 27.
Rbb1 Bc6 28. Nd6 Rxa3 29. h3 R3a7 30. Nb5 Ra2 31. Nd6 Bxd6 32. Bxd6 Re2 33. Re1
Rxe1+ 34. Rxe1 Rd8 35. Bg3 b5 36. Rc1 Bd5 37. Rc5 b4 38. Rb5 b3 39. e4 Bc4 40.
Rb4 Ra8 41. Kh2 Rc8 42. Bd6 Kg6 1/2-1/2